[Event "Silkway Cup"]
[Site "T#646345FIDE"]
[Date "2020.05.26"]
[Round "2"]
[White "EXpresident"]
[Black "MammadyarovaZ"]
[Result "1-0"]
[WhiteElo "2690"]
[BlackElo "1847"]
[Annotator "TA"]
[PlyCount "57"]
[EventDate "2020.05.26"]
[EventType "swiss (blitz)"]

{[%evp 10,57,60,54,68,70,74,86,62,47,64,30,110,114,117,100,135,36,38,41,43,32,36,12,27,31,31,33,19,25,35,0,367,364,358,349,481,476,633,596,669,544,533,523,643,601,885,911,906,904]} 1. e4 d5 2. exd5 Qxd5 3. Nc3 Qd6 4. d4 Nf6 5. Nf3 a6 6. g3 b5 {B01: Scandinavian Defence.} 7. Bg2 Bb7 8. O-O e6 {White is better.} 9. Bf4 Qb6 10. a4 {[%cal Ba2a4,Ba4a5][%mdl 32]} b4 (10... Bd6 $11 {remains equal.}) 11. a5 $16 Qa7 12. Na4 Bd5 13. Ne5 {[#]} (13. c4 $16 bxc3 14. Nxc3) 13... Bxg2 $146 ({Predecessor:} 13... Bd6 14. c4 bxc3 15. Nxc3 Bxg2 16. Kxg2 Qb7+ 17. Qf3 Ra7 18. Rfe1 Qxf3+ 19. Kxf3 Rb7 {0-1 (71) Mattsson,M (2020)-Arman,D (2367) Tylosand 2018}) 14. Kxg2 Bd6 15. Qf3 {[#] Threatens to win with Nb6.} Nd5 $1 16. Bd2 O-O 17. c4 $36 {[%mdl 2048] White has some pressure.} bxc3 $1 18. bxc3 {[%cal Bb2c3,Bc3c4][%mdl 32]} Bxe5 $1 19. dxe5 {[#] Strongly threatening c4.} Nd7 20. Rfe1 (20. c4 $5 {[%cal Rc4d5]} Ne7 21. Be3 $14) 20... Nc5 $2 {[%mdl 8192]} (20... f6 $11 {and Black is okay.}) 21. c4 $18 Nxa4 22. cxd5 Nc5 23. Be3 {White is clearly winning.} Rab8 24. Rac1 {[%cal Ba1c1,Bc1c5,Bc5c6][%mdl 32]} Rb5 25. dxe6 fxe6 26. Qc6 {[%cal Re3c5]} Qb7 27. Rxc5 Rb2 28. Qxb7 Rxb7 29. Rc6 {Accuracy: White = 82%, Black = 54%.} 1-0

[Event "Silkway Cup"]
[Site "T#646345FIDE"]
[Date "2020.05.26"]
[Round "2"]
[White "Nanadzagnidze"]
[Black "AbasovN"]
[Result "0-1"]
[WhiteElo "1620"]
[BlackElo "2617"]
[Annotator "TA"]
[PlyCount "30"]
[EventDate "2020.05.26"]
[EventType "swiss (blitz)"]

{[%evp 6,6,26]} 1. d4 Nf6 2. c4 e6 3. Nf3 d5 {[#] An uneventful encounter.} {Predecessor:} 4. Nc3 $146 Be7 5. Bf4 O-O 6. e3 {D37: Queen's Gambit Declined: 5 Bf4.} b6 7. Bd3 dxc4 8. Bxc4 Ba6 9. Qe2 Bxc4 10. Qxc4 c5 11. dxc5 Bxc5 12. O-O Nbd7 13. Rac1 Qc8 14. Ne5 Qb7 15. Nxd7 Nxd7 {½-½ (62) Grischuk,A (2777)-Carlsen,M (2863) chess24.com INT 2020} 0-1

[Event "Silkway Cup"]
[Site "T#646345FIDE"]
[Date "2020.05.26"]
[Round "2"]
[White "Nara_Kh"]
[Black "Massapi"]
[Result "0-1"]
[WhiteElo "1620"]
[BlackElo "2593"]
[Annotator "TA"]
[PlyCount "25"]
[EventDate "2020.05.26"]
[EventType "swiss (blitz)"]

{[%evp 9,9,-5]} 1. e4 c5 2. Be2 Nc6 3. f4 e6 4. Nf3 d5 5. d3 {[#] An uneventful encounter.} {Predecessor:} Nf6 $146 6. e5 {B21: Sicilian: 2 f4 and Morra Gambit.} Ng8 7. c3 Nh6 8. Na3 Bd7 9. Nc2 Nf5 10. O-O h5 11. Qe1 Qb6 12. Rb1 a6 13. Qf2 {½-½ (95) Piorun,K (2643)-Harika,D (2495) Douglas 2019} 0-1

[Event "Silkway Cup"]
[Site "T#646345FIDE"]
[Date "2020.05.26"]
[Round "2"]
[White "Oligarkh"]
[Black "T-sanikidze"]
[Result "1-0"]
[WhiteElo "1620"]
[BlackElo "2866"]
[Annotator "TA"]
[PlyCount "26"]
[EventDate "2020.05.26"]
[EventType "swiss (blitz)"]

{[%evp 9,9,30]} 1. d4 d5 2. c4 e6 3. Nc3 Bb4 4. cxd5 exd5 5. Bf4 {[#] Not much happened in this game.} {Predecessor:} Nf6 $146 6. e3 {D31: Queen's Gambit Declined: Semi-Slav without ...Nf6 (+ Marshall Gambit and Noteboom) and Exchange Variation lines without ...Nf6.} c5 7. Bd3 Nc6 8. Nge2 c4 9. Bc2 O-O 10. Bg5 h6 11. Bh4 Be7 12. O-O Nd7 13. Bg3 Nf6 {1-0 (38) Nakamura,H (2754)-Dubov,D (2700) Paris 2019} 1-0

[Event "Silkway Cup"]
[Site "T#646345FIDE"]
[Date "2020.05.26"]
[Round "3"]
[White "T-sanikidze"]
[Black "Muradli mahammad"]
[Result "1-0"]
[WhiteElo "2832"]
[BlackElo "2538"]
[Annotator "TA"]
[PlyCount "131"]
[EventDate "2020.05.26"]
[EventType "swiss (blitz)"]

{[%evp 14,131,80,65,88,76,100,94,104,0,-4,-66,-57,-53,-26,-43,-41,-41,-22,-27,-27,-32,-34,-27,0,-40,-33,-32,-44,-57,-26,-21,0,-53,-35,-48,-54,-100,-101,-110,-93,-165,-172,-162,-164,-181,-115,-143,-141,-131,-136,-295,-305,-282,-213,-238,-244,-225,-145,-144,-14,-139,-138,-242,-259,-255,-247,-245,-235,-225,-232,-332,-319,-322,-316,-301,-268,-261,-268,-264,-248,-254,-133,-154,-50,-402,-394,-637,-366,-645,-626,-5073,-40,-38,-31,-31,-28,-28,0,0,0,0,0,0,608,603,603,603,603,596,592,395,566,552,29978,29978,29978,29979,29979,29980]} 1. d4 Nf6 2. c4 g6 3. Nc3 Bg7 4. e4 O-O 5. Be2 d6 6. Bg5 Na6 {[%cal Bb8a6,Ba6c7,Bc7b5,Bb5d4][%mdl 32]} 7. f4 c5 8. d5 $1 {[#]} b5 $146 {E73: King's Indian: Averbakh Variation without 6...c5.} ({Predecessor:} 8... h6 9. Bh4 Qa5 10. Qd2 b5 11. cxb5 Nc7 12. Nf3 a6 13. b6 Nb5 14. e5 dxe5 15. fxe5 Nd7 16. Bxe7 {0-1 (52) Erigaisi,A (2481)-Naiditsch,A (2701) Sharjah 2018}) 9. cxb5 Nc7 10. Nf3 a6 {White is better.} 11. b6 (11. a4 $16) 11... Nb5 $1 $11 {[%cal Rb5c3]} 12. Qc2 (12. Nd2 $11) 12... Qxb6 $15 13. O-O Bd7 14. Kh1 Nd4 15. Qd2 Rab8 16. Rab1 Nxe2 17. Qxe2 Bb5 18. Nxb5 Qxb5 (18... axb5 {feels hotter.} 19. a3 Qb7 20. Nd2 Ra8 21. f5 h6) 19. Rfe1 Qxe2 20. Rxe2 Rb4 $36 {[%mdl 2048] Black fights for an advantage.} 21. Rbe1 Rfb8 22. b3 h6 23. Bh4 ({Better is} 23. Bxf6 $11 Bxf6 24. e5) 23... a5 24. Nd2 a4 25. h3 axb3 26. axb3 R8b7 27. Bf2 (27. Bxf6 $17 Bxf6 28. Re3) 27... Nh5 $19 28. g3 Bc3 29. e5 Ng7 (29... g5 $19 30. fxg5 hxg5) 30. Rd1 Bxd2 $1 31. Rdxd2 Rxb3 32. g4 $2 (32. Kg2 $17) 32... Rxh3+ 33. Kg2 Ra3 34. Rb2 Rxb2 35. Rxb2 {[%mdl 4096] Endgame KRB-KRN} Ra8 36. Rb7 Re8 (36... f5 $17 37. Rxe7 fxg4 38. exd6 Nf5) 37. Bh4 (37. Kf3 $11) 37... Kf8 $17 38. Rd7 (38. Bg3 $17) 38... h5 $1 $19 39. exd6 exd6 40. Rxd6 hxg4 {...Nf5 is the strong threat.} 41. Rc6 Nf5 42. Bf2 (42. Bf6 {might work better.} Re2+ 43. Kf1 Ng3+ 44. Kg1) 42... Re2 43. Kf1 Rd2 44. Bxc5+ Kg7 45. d6 {[#]} g3 $1 {Strongly threatening ...Nh4.} 46. Ke1 Rd5 47. Ke2 Nh4 (47... g2 $19 {Threatens to win with ...Rxc5!} 48. Bg1 Kf6) 48. Be3 g2 (48... Kf6 $17 {And now ...Ke6 would win.} 49. Bg1 Ke6) 49. Rc1 $2 {[%mdl 8192]} (49. Bf2 $15) 49... Rxd6 50. Kf2 $2 (50. Bc5 Ra6 51. Kf2) 50... Re6 51. Bd4+ $2 (51. Rc3) 51... Kh6 52. Rc8 {[%cal Rc8h8] [#]} Kh5 $2 (52... g1=B+ $1 $19 53. Kxg1 Nf3+ {[%mdl 64] Double Attack} 54. Kg2 Nxd4) 53. Kg3 $1 $15 {[%cal Rc8h8]} Nf5+ 54. Kh3 g5 55. Rh8+ $1 Kg6 56. Rg8+ Kh7 57. Rh8+ Kg6 58. Rg8+ Kh5 $2 {[%mdl 8192]} (58... Kh6 $11 59. Rh8+ Kg6) 59. Rxg5+ $18 {[%mdl 64] Double Attack} Kh6 60. Rxf5 {KRB-KR} Rg6 61. Bg1 Kg7 62. Re5 Rf6 (62... Kf6 {was worth a try.} 63. Rc5 Rg8 64. Bd4+ Ke6 65. Re5+ Kd7) 63. Rg5+ Rg6 64. Rxg2 {White mates.} Kf6 65. Rxg6+ Kxg6 66. Kg4 {Never resign too early! Accuracy: White = 51%, Black = 58%.} 1-0

[Event "Silkway Cup"]
[Site "T#646345FIDE"]
[Date "2020.05.26"]
[Round "3"]
[White "Lukiano"]
[Black "GadimbayliA"]
[Result "0-1"]
[WhiteElo "2712"]
[BlackElo "2456"]
[Annotator "TA"]
[PlyCount "60"]
[EventDate "2020.05.26"]
[EventType "swiss (blitz)"]

{[%evp 11,60,0,0,6,5,-17,-1,-12,0,-25,0,-77,-69,-62,-50,-55,-45,-64,-51,-78,-69,-259,-260,-327,-329,-306,-280,-583,-570,-632,-620,-791,-811,-955,-947,-922,-922,-890,-875,-1581,-1581,-29981,-29982,-29982,-29983,-29981,-29981,-5593,-5593,-2409,-2409]} 1. e4 e5 2. Nc3 Nf6 3. d4 exd4 4. Qxd4 Nc6 5. Qe3 g6 6. Bd2 Bg7 7. O-O-O {C22: Centre Game.} O-O 8. Bc4 d6 9. h4 {The position is equal.} h5 10. f3 a6 {[#]} 11. Nd5 $146 {[#]} (11. a3 $11 {remains equal.}) ({Predecessor:} 11. Nh3 b5 12. Bd5 Nxd5 13. Nxd5 Ne5 14. Bc3 c6 15. Ndf4 Qe7 16. Qd4 Rd8 17. Ng5 {0-1 (32) Goldenberg,R-Mazzoni,G Pau 1969}) 11... Ne5 $1 $17 {[%cal Re5c4]} ({Reject} 11... Nxd5 $6 12. Bxd5 Ne5 13. Ne2 $11) 12. Bb3 Nxd5 13. Bxd5 c6 14. Bb3 a5 $1 {[%cal Ra5a4]} 15. a3 b5 $40 {[%cal Bb7b5,Bb5b4][%mdl 160] Black is up to no good.} 16. g4 $2 {[#]} ({White should play} 16. Kb1 $15) 16... Qf6 $1 $19 {( -> ...Nd3+!)} (16... hxg4 17. f4 $15) ({Don't do} 16... a4 17. Ba2 $17) 17. c3 b4 {Strongly threatening ...bxa3.} (17... hxg4 18. f4 $19) 18. a4 Be6 ({Not} 18... hxg4 19. f4 $17) 19. g5 $2 (19. Bc2 {was the crucial defense.}) 19... Qe7 20. cxb4 axb4 21. Bxb4 c5 22. Ba3 Rfb8 23. Rd5 Bxd5 24. Bxd5 Rxa4 25. Qe2 Qa7 26. Qe3 Nc4 27. Bxc4 Rxc4+ 28. Kd1 Qa4+ 29. Ke1 Rb3 30. Qd2 Rxa3 {White did not feel at home in the position after the opening. Accuracy: White = 39%, Black = 96%.} 0-1

[Event "Silkway Cup"]
[Site "T#646345FIDE"]
[Date "2020.05.26"]
[Round "3"]
[White "AbasovN"]
[Black "Oligarkh"]
[Result "1-0"]
[WhiteElo "2617"]
[BlackElo "1620"]
[Annotator "TA"]
[PlyCount "187"]
[EventDate "2020.05.26"]
[EventType "swiss (blitz)"]

{[%evp 11,187,22,28,14,29,16,22,18,16,0,16,0,7,8,5,4,4,4,8,4,12,9,22,0,16,14,27,21,57,45,43,28,58,12,12,0,0,0,0,-21,-26,-14,-5,-5,-5,-11,-17,-53,-47,-184,-166,-210,-68,-185,-31,-2,-29,-20,0,0,0,0,0,0,0,0,83,0,116,0,0,0,0,0,0,0,0,0,0,0,0,0,0,0,0,0,0,0,0,0,0,0,0,0,0,0,76,72,75,76,78,64,67,67,67,67,60,56,68,43,69,0,32,32,33,32,32,32,34,0,58,32,32,0,16,0,0,0,0,0,0,-59,0,-278,-119,-267,-118,-110,677,650,937,987,1300,588,1333,1314,1167,759,1539,753,29949,29951,29947,29946,29938,707,12850,11994,29939,29942,29942,5454,12839,29944,29941,29943,29960,29947,29961,29955,29965,29966,29965,29968,29970,29964,29968,4631]} 1. e4 c6 2. d4 d5 3. exd5 cxd5 4. Bd3 Nc6 5. c3 g6 6. Bf4 Bf5 7. Nf3 {B13: Caro-Kann: Exchange Variation and Panov-Botvinnik Attack.} e6 8. O-O Bd6 {[#]} 9. Bg5 $146 {The position is equal.} ({Predecessor:} 9. Bxd6 Qxd6 10. Re1 Nge7 11. Bf1 Bg4 12. Nbd2 h5 13. h3 Bxf3 14. Nxf3 Kf8 15. Ne5 Nxe5 16. dxe5 {1-0 (48) Keskinen,S (2254)-Sisatto,O Tampere 1999}) 9... Be7 10. Bf4 Nf6 11. h3 Bxd3 12. Qxd3 O-O 13. Nbd2 Re8 14. Rfe1 Bf8 15. a4 Rc8 16. Ne5 Bg7 17. Bg5 h6 18. Bh4 g5 19. Bg3 Ne7 20. Bh2 Nf5 21. Ng4 h5 22. Nxf6+ Qxf6 23. Be5 Qg6 24. Bxg7 Kxg7 25. Nf3 f6 26. Nh2 Nd6 27. Qg3 Ne4 28. Qd3 g4 29. Re3 f5 {Strongly threatening ...f4.} 30. f3 ({Better is} 30. Rae1 $15) 30... gxh3 $19 {[%csl Gh3][%cal Rg6g2]} 31. Qc2 Ng5 (31... Qh6 $19 32. Ree1 Ng5) 32. Rae1 (32. f4 $15 Ne4 33. Rxh3) 32... Kf7 $2 (32... f4 $19 33. Qxg6+ Kxg6) 33. f4 $1 $15 {[%cal Rf4g5]} Ne4 34. Rxh3 Rg8 35. Nf3 Ke7 {[#] ...Qg4 is the strong threat.} 36. Ng5 $1 {[%mdl 512]} Nxg5 37. fxg5 Qxg5 {[#]} 38. Qe2 $1 {[%mdl 512]} Qf6 {[#]} (38... Qg6 $11) 39. Rxh5 ({White should try} 39. Qb5 $1 $16 {[%cal Rb5b7]} Kf8 40. Rhe3 (40. Qxb7 Re8 $16) (40. Rxh5 Qf7 $14)) 39... Rg7 (39... Rh8 $11) 40. Qe5 (40. Qb5 $16 Rcg8 41. Qxb7+ {[%mdl 64] Double Attack} Kf8 42. Qc8+ Kf7 43. Qc7+ {[%mdl 64] Double Attack} Kg6 44. Qh2) 40... Qxe5 $11 41. Rxe5 {[%mdl 4096] Endgame KRR-KRR} Rcg8 42. Re2 Kd6 43. Rh6 Rg6 44. Rh7 R8g7 45. Rh8 Rg8 46. Rh7 R8g7 47. Rh8 a6 48. Rd8+ Kc7 49. Re8 Kd7 50. Rb8 Kd6 51. Rd8+ Rd7 52. Re8 Re7 53. Rd8+ Kc7 {[#]} (53... Rd7 $11 {remains equal.} 54. Rxd7+ Kxd7) 54. Rxd5 $1 $16 {[%mdl 576] Pin} Rh7 (54... exd5 55. Rxe7+) 55. Rde5 Kd6 56. d5 exd5 57. Rxf5 Rh4 58. Rd2 Rxa4 59. Rfxd5+ Kc6 60. Rf5 Rag4 61. Rff2 (61. Rdf2 $14) 61... a5 62. Rf5 b6 63. Kf1 a4 64. Rf8 Kb5 65. Rfd8 Rf6+ (65... Kc4 $11) 66. Rf2 Rh6 67. Rf5+ Kc4 68. Rc8+ Kd3 69. Rd8+ Kc2 70. Rf2+ Kb3 {And now ...Rh1+ would win.} 71. Rd3 (71. Rfd2 $11) 71... b5 (71... Rh1+ $15 72. Ke2 Rb1) 72. Rdf3 $2 {[%mdl 8192]} (72. g3 $11 {and White has nothing to worry.}) 72... Rh1+ $19 73. Ke2 {[#]} Kxb2 (73... Rb1 $1 $19 {[%cal Rb1b2] is more deadly.} 74. Kd3 Rxb2 75. Rxb2+ Kxb2) 74. Rf5 $17 {Hoping for Kf3+.} b4 $2 {[%mdl 8192]} (74... Rg3 $17 75. Rxb5+ Kc2) 75. Kf3+ $18 {[%mdl 64] Discovered Attack} Kxc3 76. Kxg4 b3 77. Ra5 Kb4 78. Ra8 Ra1 79. Rb8+ Kc3 80. Rc8+ Kb4 81. Rf4+ Kb5 82. Rb8+ Kc5 83. Rbb4 (83. g3 $142 Ra2 84. Rfb4 Kc6 85. R8b6+ Kd5 86. R6b5+ Kd6 87. Kf4 Kc6 88. g4) 83... Rg1 84. g3 a3 85. Rxb3 a2 86. Ra4 (86. Ra3 $142 a1=Q 87. Rxa1 Rxa1 88. Kf5 Kd6 89. g4 Ra8 90. Re4 Kd5 91. Re5+ Kd6 92. Re6+ Kd7 93. g5) 86... a1=Q 87. Rxa1 Rxa1 {KR-KR. White mates.} 88. Rd3 Kc4 89. Rd7 Rg1 90. Kf4 Kc5 91. g4 Kc6 92. Rd2 Ra1 93. Kg5 Ra4 94. Kh5 {Accuracy: White = 79%, Black = 71%.} 1-0

[Event "Silkway Cup"]
[Site "T#646345FIDE"]
[Date "2020.05.26"]
[Round "3"]
[White "Luka oboladze"]
[Black "Skoffee"]
[Result "1-0"]
[WhiteElo "2296"]
[BlackElo "1907"]
[PlyCount "61"]
[EventDate "2020.05.26"]
[EventType "swiss (blitz)"]

1. d4 {[%emt 0:00:02]} Nf6 {[%emt 0:00:02]} 2. c4 {[%emt 0:00:01]} e6 {[%emt 0:00:01]} 3. Nc3 {[%emt 0:00:01]} Bb4 {[%emt 0:00:02]} 4. Qc2 {[%emt 0:00:01]} O-O {[%emt 0:00:03]} 5. e4 {[%emt 0:00:01]} d5 {[%emt 0:00:03]} 6. e5 {[%emt 0:00:01]} Nfd7 {[%emt 0:00:02]} 7. a3 {[%emt 0:00:14]} Bxc3+ {[%emt 0:00:05]} 8. bxc3 {[%emt 0:00:00]} c5 {[%emt 0:00:02]} 9. Bd3 {[%emt 0:00:03]} cxd4 {[%emt 0:00:16]} 10. cxd4 {[%emt 0:00:08]} Nc6 {[%emt 0:00:01]} 11. Ne2 {[%emt 0:00:06]} Qh4 {[%emt 0:00:08]} 12. Be3 {[%emt 0:00:12]} dxc4 {[%emt 0:00:04]} 13. Bxc4 {[%emt 0:00:05]} Nb6 {[%emt 0:00:03]} 14. Bd3 {[%emt 0:00:04]} Nd5 {[%emt 0:00:02]} 15. O-O {[%emt 0:00:01]} Bd7 {[%emt 0:00:07]} 16. Qd2 {[%emt 0:00:03]} h6 {[%emt 0:00:05]} 17. f4 {[%emt 0:00:06]} Nce7 {[%emt 0:00:04]} 18. Bf2 {[%emt 0:00:06]} Qh5 {[%emt 0:00:12]} 19. h3 {[%emt 0:00:12]} f5 {[%emt 0:00:18]} 20. exf6 {[%emt 0:00:11]} Nxf6 {[%emt 0:00:02]} 21. Ng3 {[%emt 0:00:12]} Qf7 {[%emt 0:00:01]} 22. Rae1 {[%emt 0:00:11]} Nf5 {[%emt 0:00:02]} 23. Ne4 {[%emt 0:00:06]} Bc6 {[%emt 0:00:21]} 24. Nxf6+ {[%emt 0:00:07]} Qxf6 {[%emt 0:00:01]} 25. Re5 {[%emt 0:00:03]} Rad8 {[%emt 0:00:09]} 26. Bxf5 {[%emt 0:00:09]} exf5 {[%emt 0:00:02]} 27. d5 {[%emt 0:00:01]} Qd6 {[%emt 0:00:06]} 28. Rd1 {[%emt 0:00:05]} a6 {[%emt 0:00:17]} 29. Qc3 {[%emt 0:00:20]} Be8 {[%emt 0:00:14]} 30. Bc5 {[%emt 0:00:04]} Qg6 {[%emt 0:00:28]} 31. Bxf8 {[%emt 0:00:06] Skoffee resigns (Lag: Av=0.39s, max=0.5s)} 1-0

[Event "Silkway Cup"]
[Site "T#646345FIDE"]
[Date "2020.05.26"]
[Round "3"]
[White "Ka ch"]
[Black "Misi_95"]
[Result "0-1"]
[WhiteElo "2268"]
[BlackElo "1620"]
[Annotator "NA"]
[PlyCount "82"]
[EventDate "2020.05.26"]
[EventType "swiss (blitz)"]

1. e4 {[%emt 0:00:01]} c5 {[%emt 0:00:06]} 2. Nf3 {[%emt 0:00:02]} Nc6 {[%emt 0:00:01]} 3. d4 {[%emt 0:00:01]} cxd4 {[%emt 0:00:01]} 4. Nxd4 {[%emt 0:00:01]} Nf6 {[%emt 0:00:01]} 5. Nc3 {[%emt 0:00:01]} d6 {[%emt 0:00:01]} 6. f3 {[%emt 0:00:01]} e5 {[%emt 0:00:05]} 7. Nb3 {[%emt 0:00:01]} Be7 {[%emt 0:00:06]} 8. Be3 {[%emt 0:00:02]} Be6 {[%emt 0:00:03]} 9. Qe2 {[%emt 0:00:01]} a5 {[%emt 0:00:08]} 10. O-O-O {[%emt 0:00:03]} O-O {[%emt 0:00:24]} 11. Nc5 {[%emt 0:00:03]} Qc8 {[%emt 0:00:13]} 12. N5a4 {[%emt 0:00:07]} Nd7 {[%emt 0:00:15]} 13. Qb5 {[%emt 0:00:11]} Ra6 {[%emt 0:00:46]} 14. Kb1 {[%emt 0:00:11]} Qc7 {[%emt 0:00:05]} 15. Bc4 {[%emt 0:00:21]} Nd4 {[%emt 0:00:05]} 16. Bxd4 {[%emt 0:00:08]} Bxc4 {[%emt 0:00:05]} 17. Nd5 {[%emt 0:00:29]} Bxd5 {[%emt 0:00:14]} 18. Qxd5 {[%emt 0:00:06]} exd4 {[%emt 0:00:01]} 19. Qxd4 {[%emt 0:00:04]} Rc6 {[%emt 0:00:05]} 20. Qd3 {[%emt 0:00:10]} Bf6 {[%emt 0:00:03]} 21. f4 {[%emt 0:00:11]} Nc5 {[%emt 0:00:14]} 22. Nxc5 {[%emt 0:00:03]} Rxc5 {[%emt 0:00:00]} 23. c3 {[%emt 0:00:11]} Be7 {[%emt 0:00:15]} 24. g4 {[%emt 0:00:05]} b5 {[%emt 0:00:01]} 25. Rc1 {[%emt 0:00:09]} b4 {[%emt 0:00:02]} 26. c4 {[%emt 0:00:03]} a4 {[%emt 0:00:03]} 27. h4 {[%emt 0:00:08]} Rc8 {[%emt 0:00:02]} 28. b3 {[%emt 0:00:17]} axb3 {[%emt 0:00:01]} 29. axb3 {[%emt 0:00:02]} Ra5 {[%emt 0:00:01]} 30. g5 {[%emt 0:00:11]} Rca8 {[%emt 0:00:02]} 31. Qd4 {[%emt 0:00:08]} Qc5 {[%emt 0:00:14]} 32. Qxc5 {[%emt 0:00:06]} dxc5 {[%emt 0:00:00]} 33. Kc2 {[%emt 0:00:11]} Ra2+ {[%emt 0:00:03]} 34. Kd3 {[%emt 0:00:02]} Rd8+ {[%emt 0:00:02]} 35. Ke3 {[%emt 0:00:01]} Rad2 {[%emt 0:00:02]} 36. Kf3 {[%emt 0:00:10]} R8d3+ {[%emt 0:00:06]} 37. Kg4 {[%emt 0:00:01]} g6 {[%emt 0:00:01]} 38. Rhg1 {[%emt 0:00:04]} Rh2 {[%emt 0:00:06]} 39. f5 {[%emt 0:00:06]} h5+ {[%emt 0:00:04]} 40. Kf4 {[%emt 0:00:02]} Bd6+ {[%emt 0:00:01]} 41. e5 {[%emt 0:00:03]} Rxh4+ {[%emt 0:00:01] Ka ch resigns (Lag: Av=0.68s, max=1.0s)} 0-1

[Event "Silkway Cup"]
[Site "T#646345FIDE"]
[Date "2020.05.26"]
[Round "3"]
[White "Maghala77"]
[Black "Sadikhov_Ulvi"]
[Result "1/2-1/2"]
[WhiteElo "2122"]
[BlackElo "2298"]
[Annotator "NA"]
[PlyCount "166"]
[EventDate "2020.05.26"]
[EventType "swiss (blitz)"]

1. Nf3 {[%emt 0:00:02]} Nf6 {[%emt 0:00:02]} 2. c4 {[%emt 0:00:03]} g6 {[%emt 0:00:01]} 3. g3 {[%emt 0:00:02]} Bg7 {[%emt 0:00:01]} 4. Bg2 {[%emt 0:00:01]} d6 {[%emt 0:00:01]} 5. O-O {[%emt 0:00:01]} O-O {[%emt 0:00:00]} 6. Nc3 {[%emt 0:00:02]} c6 {[%emt 0:00:01]} 7. d4 {[%emt 0:00:01]} Bf5 {[%emt 0:00:02]} 8. b3 {[%emt 0:00:14]} Ne4 {[%emt 0:00:02]} 9. Bb2 {[%emt 0:00:03]} Nxc3 {[%emt 0:00:03]} 10. Bxc3 {[%emt 0:00:01]} Be4 {[%emt 0:00:00]} 11. Re1 {[%emt 0:00:02]} b5 {[%emt 0:00:02]} 12. Rc1 {[%emt 0:00:12]} bxc4 {[%emt 0:00:03]} 13. bxc4 {[%emt 0:00:01]} Nd7 {[%emt 0:00:22]} 14. Bh3 {[%emt 0:00:04]} Bxf3 {[%emt 0:00:43]} 15. exf3 {[%emt 0:00:03]} Nb6 {[%emt 0:00:00]} 16. Ba5 {[%emt 0:00:33]} Qe8 {[%emt 0:00:43]} 17. f4 {[%emt 0:01:06]} d5 {[%emt 0:00:15]} 18. cxd5 {[%emt 0:00:04]} Nxd5 {[%emt 0:00:19]} 19. f5 {[%emt 0:00:05]} Rb8 {[%emt 0:00:24]} 20. Qd3 {[%emt 0:00:23]} Rb5 {[%emt 0:00:06]} 21. Bd2 {[%emt 0:00:05]} Nf6 {[%emt 0:00:18]} 22. fxg6 {[%emt 0:00:03]} hxg6 {[%emt 0:00:01]} 23. Qc4 {[%emt 0:00:06]} Nd5 {[%emt 0:00:07]} 24. Re4 {[%emt 0:00:08]} e6 {[%emt 0:00:03]} 25. a4 {[%emt 0:00:07]} Rb2 {[%emt 0:00:02]} 26. Be1 {[%emt 0:00:06]} Qd7 {[%emt 0:00:03]} 27. Qxc6 {[%emt 0:00:03]} Qxc6 {[%emt 0:00:01]} 28. Rxc6 {[%emt 0:00:00]} Rfb8 {[%emt 0:00:01]} 29. Bf1 {[%emt 0:00:07]} Ra2 {[%emt 0:00:01]} 30. Bb5 {[%emt 0:00:03]} a6 {[%emt 0:00:02]} 31. Rxa6 {[%emt 0:00:01]} Ra1 {[%emt 0:00:02]} 32. Kg2 {[%emt 0:00:01]} Rc8 {[%emt 0:00:01]} 33. Rc6 {[%emt 0:00:02]} Rb8 {[%emt 0:00:02]} 34. Rc2 {[%emt 0:00:02]} g5 {[%emt 0:00:02]} 35. h3 {[%emt 0:00:02]} Rd1 {[%emt 0:00:03]} 36. Bd2 {[%emt 0:00:05]} Bf6 {[%emt 0:00:04]} 37. Re2 {[%emt 0:00:02]} Kg7 {[%emt 0:00:03]} 38. Re4 {[%emt 0:00:01]} Kg6 {[%emt 0:00:01]} 39. Bd3 {[%emt 0:00:02]} Kg7 {[%emt 0:00:00]} 40. Bb5 {[%emt 0:00:01]} Kg6 {[%emt 0:00:02]} 41. Be2 {[%emt 0:00:01]} Ra1 {[%emt 0:00:02]} 42. a5 {[%emt 0:00:00]} Nb4 {[%emt 0:00:05]} 43. Rb2 {[%emt 0:00:02]} Be7 {[%emt 0:00:01]} 44. a6 {[%emt 0:00:01]} Nxa6 {[%emt 0:00:03]} 45. Rxb8 {[%emt 0:00:01]} Nxb8 {[%emt 0:00:02]} 46. Bd3 {[%emt 0:00:01]} Kg7 {[%emt 0:00:01]} 47. d5 {[%emt 0:00:05]} Bf6 {[%emt 0:00:06]} 48. dxe6 {[%emt 0:00:02]} fxe6 {[%emt 0:00:00]} 49. Rxe6 {[%emt 0:00:02]} Rd1 {[%emt 0:00:00]} 50. Re3 {[%emt 0:00:03]} Nc6 {[%emt 0:00:00]} 51. Re2 {[%emt 0:00:08]} Nd4 {[%emt 0:00:01]} 52. Be3 {[%emt 0:00:05]} Rxd3 {[%emt 0:00:03]} 53. Bxd4 {[%emt 0:00:01]} Rxd4 {[%emt 0:00:01]} 54. h4 {[%emt 0:00:02]} g4 {[%emt 0:00:03]} 55. f3 {[%emt 0:00:01]} gxf3+ {[%emt 0:00:01]} 56. Kxf3 {[%emt 0:00:00]} Kg6 {[%emt 0:00:00]} 57. Re4 {[%emt 0:00:01]} Rd3+ {[%emt 0:00:01]} 58. Re3 {[%emt 0:00:01]} Rd4 {[%emt 0:00:02]} 59. Re4 {[%emt 0:00:01]} Rd1 {[%emt 0:00:02]} 60. Kg4 {[%emt 0:00:02]} Ra1 {[%emt 0:00:04]} 61. h5+ {[%emt 0:00:05]} Kh6 {[%emt 0:00:01]} 62. Re6 {[%emt 0:00:02]} Kg7 {[%emt 0:00:01]} 63. Re4 {[%emt 0:00:03]} Ra5 {[%emt 0:00:02]} 64. Rf4 {[%emt 0:00:02]} Rg5+ {[%emt 0:00:01]} 65. Kf3 {[%emt 0:00:01]} Rxh5 {[%emt 0:00:01]} 66. Rg4+ {[%emt 0:00:00]} Kf7 {[%emt 0:00:01]} 67. Rf4 {[%emt 0:00:01]} Ke6 {[%emt 0:00:00]} 68. Re4+ {[%emt 0:00:01]} Kf7 {[%emt 0:00:02]} 69. Rf4 {[%emt 0:00:01]} Ra5 {[%emt 0:00:01]} 70. Kg4 {[%emt 0:00:01]} Kg6 {[%emt 0:00:01]} 71. Re4 {[%emt 0:00:01]} Be5 {[%emt 0:00:01]} 72. Re3 {[%emt 0:00:03]} Ra4+ {[%emt 0:00:02]} 73. Kf3 {[%emt 0:00:01]} Kf5 {[%emt 0:00:01]} 74. g4+ {[%emt 0:00:01]} Kf6 {[%emt 0:00:03]} 75. Re4 {[%emt 0:00:01]} Ra3+ {[%emt 0:00:01]} 76. Re3 {[%emt 0:00:01]} Ra4 {[%emt 0:00:02]} 77. Re4 {[%emt 0:00:01]} Ra1 {[%emt 0:00:00]} 78. Re3 {[%emt 0:00:01]} Rf1+ {[%emt 0:00:02]} 79. Ke2 {[%emt 0:00:04]} Rf4 {[%emt 0:00:02]} 80. Rf3 {[%emt 0:00:01]} Kg6 {[%emt 0:00:04]} 81. Rxf4 {[%emt 0:00:01]} Bxf4 {[%emt 0:00:00]} 82. Kf3 {[%emt 0:00:00]} Bc1 {[%emt 0:00:01]} 83. g5 {[%emt 0:00:02]} Bxg5 {[%emt 0:00:01] (Lag: Av=0.52s, max=1.0s)} 1/2-1/2